<?xml version="1.0" encoding="UTF-8"?>
<marc:record xmlns:marc="http://www.loc.gov/MARC21/slim">
   <marc:leader>00000nam a2200000 a 4500</marc:leader>
   <marc:datafield ind1="1" ind2=" " tag="100">
      <marc:subfield code="a">Horikoshi, Kohei</marc:subfield>
      <marc:subfield code="4">aut</marc:subfield>
      <marc:subfield code="e">Verfasser/-in</marc:subfield>
   </marc:datafield>
   <marc:datafield ind1=" " ind2=" " tag="653">
      <marc:subfield code="a">Antolin</marc:subfield>
   </marc:datafield>
   <marc:datafield ind1=" " ind2=" " tag="653">
      <marc:subfield code="a">Klasse-6</marc:subfield>
   </marc:datafield>
   <marc:datafield ind1=" " ind2=" " tag="653">
      <marc:subfield code="a">Manga</marc:subfield>
   </marc:datafield>
   <marc:datafield ind1="0" ind2="0" tag="245">
      <marc:subfield code="a">Kämpfe, verdammter Nerd!</marc:subfield>
   </marc:datafield>
   <marc:datafield ind1=" " ind2="1" tag="264">
      <marc:subfield code="b">Carlsen Verlag GmbH</marc:subfield>
      <marc:subfield code="c">2016</marc:subfield>
   </marc:datafield>
   <marc:datafield ind1="1" ind2=" " tag="490">
      <marc:subfield code="a">My Hero Academia</marc:subfield>
   </marc:datafield>
   <marc:datafield ind1="1" ind2=" " tag="520">
      <marc:subfield code="a">Wie würde eine Welt aussehen, in der 80% Prozent der Bevölkerung Superkräfte besäßen? Helden und Bösewichte würden sich quasi pausenlos bekämpfen. Doch wie und wo könnten die Helden lernen, ihre Fähigkeiten, die sogenannten »Macken« (jp. Kosei) effizienter zu nutzen? Natürlich an der MY HERO ACADEMIA! Und was ist mit den 20% der Bevölkerung, die ohne Superkräfte in diese Welt geboren wurden? Der Schüler Izuku Midoriya möchte nichts sehnlicher als Superheld zu sein, aber in ihm steckt nicht ein Quäntchen einer Superhelden-Macke! Und ohne Macken hat er null Chance jemals auch nur einen Fuß in die U.A. High School für Superhelden zu setzen. Izukus Leben scheint völlig sinnlos - bis... bis er eines Tages All Might, den Superhelden aller Superhelden tifft! Diese Begegnung könnte den Wendepunkt seines Leben einläuten...[Verlagstext]

Ab 12 Jahren</marc:subfield>
   </marc:datafield>
   <marc:datafield ind1=" " ind2=" " tag="020">
      <marc:subfield code="a">9783551794635</marc:subfield>
      <marc:subfield code="9">9783551794635</marc:subfield>
   </marc:datafield>
</marc:record>
